Loading...
| Current Events | 4 | 22.50 | 100% | 75% | 50% |
| Fine Arts - Auditory Fine Arts | 5 | 18.00 | 100% | 60% | 20% |
| Fine Arts - Visual Fine Arts | 8 | 12.50 | 88% | 25% | 13% |
| Geography | 9 | 12.22 | 89% | 33% | 0% |
| History - American History | 3 | 16.67 | 100% | 67% | 0% |
| History - Ancient History | 4 | 15.00 | 100% | 25% | 25% |
| History - European History | 5 | 12.00 | 100% | 20% | 0% |
| History - World History | 4 | 17.50 | 100% | 75% | 0% |
| Literature - American Literature | 7 | 14.29 | 100% | 43% | 0% |
| Literature - British Literature | 8 | 12.50 | 100% | 25% | 0% |
| Literature - European Literature | 6 | 11.67 | 100% | 17% | 0% |
| Literature - World Literature | 7 | 15.71 | 86% | 71% | 0% |
| Mythology | 3 | 13.33 | 100% | 33% | 0% |
| Other Academic | 3 | 20.00 | 100% | 67% | 33% |
| Philosophy | 5 | 12.00 | 80% | 40% | 0% |
| Religion | 3 | 10.00 | 67% | 33% | 0% |
| Science - Biology | 3 | 6.67 | 67% | 0% | 0% |
| Science - Chemistry | 7 | 10.00 | 86% | 14% | 0% |
| Science - Other Science | 6 | 15.00 | 100% | 17% | 33% |
| Science - Physics | 3 | 10.00 | 100% | 0% | 0% |
| Social Science | 2 | 15.00 | 100% | 50% | 0% |